000 00697nam a2200253Ia 4500
003 OSt
005 20220918194853.0
006 a|||||r|||| 00| 0
007 ta
008 220917b |||||||| |||| 00| 0 eng d
024 _a82,140
037 _cTextual
040 _aARTS
_cARTS
_beng
041 _2eng
_aeng
082 _aS:86:(/\:36), M8
100 _aLichstein Kenneth L
_987673
245 0 _aClinical relaxation strategies
260 _aNew York
_bJohn Wiley
_c1988
300 _axiii,496p.
_ccm.
490 _aWiley series on personality processes
650 _aPSYCHOLOGY
942 _hS:86:(/\:36), M8
_cTEXL
_2CC
999 _c205862
_d205862